[Event "Hessen-chB"]
[Site "Offenbach"]
[Date "2012.04.07"]
[Round "7"]
[White "Loeffler, Thorsten"]
[Black "Fitzke, Tobias"]
[Result "1-0"]
[WhiteElo "1676"]
[BlackElo "1119"]
[PlyCount "87"]
[EventDate "2012.04.05"]
[EventType "swiss"]
[EventRounds "7"]
[EventCountry "GER"]
[SourceTitle "EXT 2013"]
[Source "ChessBase"]
[SourceDate "2012.11.22"]
[SourceVersion "1"]
[SourceVersionDate "2012.11.22"]
[SourceQuality "1"]

1. d4 d5 2. c4 Nf6 3. Bg5 Bf5 4. Nc3 e6 5. e3 Bb4 6. Bxf6 Qxf6 7. a3 Ba5 8. b4 Bb6 9. c5 Bxc5 10. bxc5 0-0 11. Bd3 Bg6 12. Bxg6 Qxg6 13. Nge2 Qxg2 14. Rg1 Qxh2 15. Qc2 Nd7 16. f4 Nf6 17. 0-0-0 Qh3 18. Rg3 Qh4 19. Rdg1 Qh6 20. Rxg7+ Kh8 21. R7g2 b6 22. c6 Rg8 23. Rxg8+ Rxg8 24. Rxg8+ Kxg8 25. Kb2 Qf8 26. e4 dxe4 27. Nxe4 Nxe4 28. Qxe4 a5 29. Qe5 Qe7 30. Qg5+ Qxg5 31. fxg5 Kg7 32. Nc3 f6 33. gxf6+ Kxf6 34. d5 e5 35. d6 cxd6 36. c7 h5 37. c8Q h4 38. Qd8+ Ke6 39. Qxh4 d5 40. Qh6+ Kf5 41. Qf8+ Ke6 42. Qg8+ Kf5 43. Qxd5 Kf4 44. Qe4+ 1-0

[Event "Hessen-chB"]
[Site "Offenbach"]
[Date "2012.04.06"]
[Round "5"]
[White "Bachmann, Nick"]
[Black "Loeffler, Thorsten"]
[Result "1-0"]
[WhiteElo "1802"]
[BlackElo "1676"]
[PlyCount "35"]
[EventDate "2012.04.05"]
[EventType "swiss"]
[EventRounds "7"]
[EventCountry "GER"]
[SourceTitle "EXT 2013"]
[Source "ChessBase"]
[SourceDate "2012.11.22"]
[SourceVersion "1"]
[SourceVersionDate "2012.11.22"]
[SourceQuality "1"]

1. e4 e5 2. Nc3 Nc6 3. Bc4 Nf6 4. d3 Bb4 5. Nge2 d6 6. a3 Ba5 7. f4 exf4 8. Bxf4 Be6 9. Bb5 Bxc3+ 10. Nxc3 0-0 11. 0-0 Bd7 12. Bg5 Bg4 13. Bxf6 Bxd1 14. Bxd8 Nxd8 15. Raxd1 c6 16. Bc4 b5 17. Ba2 Nb7 18. Ne2 1-0

[Event "Hessen-chB"]
[Site "Offenbach"]
[Date "2012.04.06"]
[Round "6"]
[White "Schupp, Thomas"]
[Black "Loeffler, Thorsten"]
[Result "1-0"]
[WhiteElo "1686"]
[BlackElo "1676"]
[PlyCount "109"]
[EventDate "2012.04.05"]
[EventType "swiss"]
[EventRounds "7"]
[EventCountry "GER"]
[SourceTitle "EXT 2013"]
[Source "ChessBase"]
[SourceDate "2012.11.22"]
[SourceVersion "1"]
[SourceVersionDate "2012.11.22"]
[SourceQuality "1"]

1. Nc3 Nc6 2. Nf3 e5 3. d4 exd4 4. Nxd4 Nxd4 5. Qxd4 Nf6 6. e4 d6 7. Bg5 Be7 8. 0-0-0 0-0 9. e5 dxe5 10. Qxe5 Bd6 11. Qd4 Be7 12. Qh4 Qe8 13. Bc4 Qc6 14. Rhe1 Be6 15. Bb5 Qc5 16. Bd3 h6 17. Ne4 Nd5 18. Nxc5 Bxg5+ 19. Qxg5 hxg5 20. Nxe6 fxe6 21. Rxe6 Nf4 22. Re7 Nxd3+ 23. Rxd3 Rxf2 24. Rdd7 Rxg2 25. Rxg7+ Kf8 26. h4 Rg1+ 27. Kd2 Rg2+ 28. Kc3 Rg3+ 29. Kb4 Rg4+ 30. Kb3 a5 31. a3 Rxh4 32. Rxg5 a4+ 33. Ka2 Rc4 34. c3 b6 35. Rgg7 c6 36. Rc7 Rc8 37. Rcf7+ Ke8 38. Rh7 Rh4 39. Rxh4 Kxf7 40. Rxa4 Ke6 41. Rd4 Rc7 42. a4 Rd7 43. Rxd7 Kxd7 44. b4 Kd6 45. Kb3 Kd5 46. c4+ Kd4 47. a5 bxa5 48. bxa5 Kc5 49. Kc3 Kd6 50. Kb4 Kc7 51. Kc5 Kb7 52. a6+ Kxa6 53. Kxc6 Ka7 54. c5 Kb8 55. Kd7 1-0

[Event "Karl Mala Memorial op 14th"]
[Site "Frankfurt"]
[Date "2011.07.09"]
[Round "5"]
[White "Loeffler, Thorsten"]
[Black "Krischak, Werner"]
[Result "0-1"]
[WhiteElo "1338"]
[BlackElo "1821"]
[PlyCount "58"]
[EventDate "2011.07.07"]
[EventType "swiss"]
[EventRounds "7"]
[EventCountry "GER"]
[SourceTitle "EXT 2012"]
[Source "ChessBase"]
[SourceDate "2011.11.24"]
[SourceVersion "1"]
[SourceVersionDate "2011.11.24"]
[SourceQuality "1"]

1. d4 d5 2. c4 c6 3. Nc3 Nf6 4. Bg5 e6 5. e3 Nbd7 6. Nf3 Bd6 7. Be2 dxc4 8. Bxc4 b5 9. Bb3 Bb7 10. 0-0 0-0 11. Ne4 Be7 12. Bxf6 Bxf6 13. Nxf6+ Qxf6 14. Bc2 Rad8 15. Qd3 g6 16. Qe4 Ba8 17. Qh4 Qxh4 18. Nxh4 c5 19. dxc5 Nxc5 20. Rad1 e5 21. Rxd8 Rxd8 22. Rd1 Rxd1+ 23. Bxd1 e4 24. Bc2 Bd5 25. b3 a5 26. b4 axb4 27. Bb3 Nxb3 28. axb3 Bxb3 29. Kf1 Ba2 0-1

[Event "Karl Mala Memorial op 14th"]
[Site "Frankfurt"]
[Date "2011.07.08"]
[Round "3"]
[White "Loeffler, Thorsten"]
[Black "Koch, Thomas2222"]
[Result "0-1"]
[WhiteElo "1338"]
[BlackElo "1896"]
[PlyCount "28"]
[EventDate "2011.07.07"]
[EventType "swiss"]
[EventRounds "7"]
[EventCountry "GER"]
[SourceTitle "EXT 2012"]
[Source "ChessBase"]
[SourceDate "2011.11.24"]
[SourceVersion "1"]
[SourceVersionDate "2011.11.24"]
[SourceQuality "1"]

1. e4 e6 2. d4 d5 3. exd5 exd5 4. Nf3 c5 5. Be3 Nf6 6. Be2 Nc6 7. dxc5 Bxc5 8. Bxc5 Qa5+ 9. Nc3 Qxc5 10. 0-0 0-0 11. Re1 Re8 12. Qd2 Bg4 13. Rad1 Rad8 14. h3 Ne4 0-1

[Event "Hessen-ch Gr-F 64th"]
[Site "Bad Vilbel"]
[Date "2010.04.03"]
[Round "4"]
[White "Lessmann, Sven"]
[Black "Loeffler, Thorsten"]
[Result "1/2-1/2"]
[WhiteElo "1245"]
[BlackElo "1240"]
[PlyCount "77"]
[EventDate "2010.03.31"]
[EventType "swiss"]
[EventRounds "5"]
[EventCountry "GER"]
[SourceTitle "EXT 2011"]
[Source "ChessBase"]
[SourceDate "2010.11.26"]
[SourceVersion "1"]
[SourceVersionDate "2010.11.26"]
[SourceQuality "1"]

1. e4 d6 2. d4 g6 3. Nf3 Bg7 4. Nc3 Bg4 5. Be2 Nd7 6. Be3 Bxf3 7. Bxf3 e5 8. 0-0 Ngf6 9. Qd2 0-0 10. Rad1 Re8 11. Bg5 exd4 12. Qxd4 Nxe4 13. Nxe4 Bxd4 14. Bxd8 Bxf2+ 15. Rxf2 Raxd8 16. Ng5 h6 17. Nh3 b6 18. Bd5 Ne5 19. Rdf1 Re7 20. Rf6 Kg7 21. R6f4 c6 22. Bf3 g5 23. Rd4 c5 24. Rg4 Nxg4 25. Bxg4 d5 26. Rd1 Re5 27. c3 f5 28. Bh5 d4 29. cxd4 cxd4 30. Nf2 Kf6 31. Nd3 Re7 32. Bf3 a5 33. Bc6 f4 34. Nf2 Re3 35. Ng4+ Kg6 36. Nxe3 fxe3 37. Be4+ Kf6 38. Bd3 Ke5 39. Rf1 1/2-1/2

[Event "Hessen-ch Gr-F 64th"]
[Site "Bad Vilbel"]
[Date "2010.04.02"]
[Round "2"]
[White "Happel, Janik"]
[Black "Loeffler, Thorsten"]
[Result "0-1"]
[WhiteElo "926"]
[BlackElo "1240"]
[PlyCount "72"]
[EventDate "2010.03.31"]
[EventType "swiss"]
[EventRounds "5"]
[EventCountry "GER"]
[SourceTitle "EXT 2011"]
[Source "ChessBase"]
[SourceDate "2010.11.26"]
[SourceVersion "1"]
[SourceVersionDate "2010.11.26"]
[SourceQuality "1"]

1. d4 d5 2. Nf3 Nf6 3. Nc3 Bg4 4. Bg5 e6 5. e3 Be7 6. Bb5+ c6 7. Be2 0-0 8. h3 Bxf3 9. Bxf3 Nbd7 10. 0-0 c5 11. Bxf6 Nxf6 12. a3 Rc8 13. Qd2 cxd4 14. exd4 Qb6 15. Rab1 Rc4 16. Ne2 Rd8 17. b3 Rcc8 18. Rfc1 Bxa3 19. Rd1 Be7 20. Ra1 g6 21. Rdc1 Ne4 22. Bxe4 dxe4 23. Kh1 h6 24. Kg1 Bg5 25. f4 exf3 26. Qd3 fxe2 27. Re1 Rxd4 28. Qxe2 Rd2+ 29. Kf1 Rxe2 30. Rxe2 Qd4 31. Ra4 Qd6 32. Rb4 Qxb4 33. g3 Qb5 34. h4 Rxc2 35. Kf2 Qxe2+ 36. Kg1 Rc1# 0-1

[Event "Hessen-ch Gr-F 64th"]
[Site "Bad Vilbel"]
[Date "2010.04.02"]
[Round "1"]
[White "Loeffler, Thorsten"]
[Black "Peschk, Kathrin"]
[Result "1-0"]
[WhiteElo "1240"]
[BlackElo "900"]
[PlyCount "103"]
[EventDate "2010.03.31"]
[EventType "swiss"]
[EventRounds "5"]
[EventCountry "GER"]
[SourceTitle "EXT 2011"]
[Source "ChessBase"]
[SourceDate "2010.11.26"]
[SourceVersion "1"]
[SourceVersionDate "2010.11.26"]
[SourceQuality "1"]

1. d4 d5 2. c4 e6 3. Nc3 Nf6 4. Bf4 Bb4 5. e3 0-0 6. Nf3 Nc6 7. Be2 Bd7 8. a3 Bxc3+ 9. bxc3 Ne4 10. Qc2 Nf6 11. 0-0 dxc4 12. Bxc4 Qe7 13. Bg5 e5 14. dxe5 Nxe5 15. Nxe5 Qxe5 16. Bf4 Qc5 17. Bb3 Bf5 18. Qb2 Rad8 19. Rfd1 Ne4 20. c4 b6 21. Rac1 Rd7 22. Rd5 Rxd5 23. cxd5 Qa5 24. h3 Qd2 25. Qxd2 Nxd2 26. Bd1 Be4 27. Rxc7 Bxd5 28. Rd7 Bb3 29. Rxd2 Bxd1 30. Rxd1 Re8 31. Rd7 a5 32. Rb7 h6 33. Rxb6 Ra8 34. Rb8+ Rxb8 35. Bxb8 a4 36. Kf1 Kf8 37. Ke2 Ke7 38. Kd3 Kd7 39. Kc4 Kc6 40. Kb4 Kb6 41. Kxa4 Ka6 42. Be5 g6 43. f4 Kb6 44. g4 h5 45. Kb4 hxg4 46. hxg4 Kc6 47. a4 Kb6 48. a5+ Ka6 49. Bc7 Kb7 50. Bb6 Ka6 51. Kc5 Kb7 52. Kd6 1-0

[Event "Hessen-ch Gr-F"]
[Site "Idstein"]
[Date "2009.04.11"]
[Round "4"]
[White "Tischer, Roswitha"]
[Black "Loeffler, Thorsten"]
[Result "0-1"]
[WhiteElo "823"]
[BlackElo "1097"]
[PlyCount "56"]
[EventDate "2009.04.10"]
[EventType "swiss"]
[EventRounds "5"]
[EventCountry "GER"]
[SourceTitle "EXT 2010"]
[Source "ChessBase"]
[SourceDate "2010.11.25"]
[SourceVersion "1"]
[SourceVersionDate "2010.11.25"]
[SourceQuality "1"]

1. e4 c6 2. d4 d5 3. e5 Bf5 4. Nc3 e6 5. Nf3 c5 6. Bf4 Nc6 7. Bb5 a6 8. Bxc6+ bxc6 9. 0-0 c4 10. b3 Bb4 11. Bd2 cxb3 12. axb3 Ne7 13. Ra4 c5 14. Ne2 Nc6 15. dxc5 Bxc5 16. b4 Be7 17. c3 0-0 18. Ned4 Nxd4 19. Nxd4 Bd3 20. Re1 Qc7 21. Re3 Bb5 22. Ra5 Qd7 23. Rh3 g6 24. Bh6 Rfc8 25. Qd2 Qc7 26. Bg5 Bf8 27. Qf4 Qc4 28. Qf6 Qf1# 0-1